01476 a2200193 45000010006000000050017000060080041000230030015000640400040000790800072001192450033001912500012002242640052002363000018002885050924003060410008012301000020012387000024012582944820260407155604.0260407a1998 arg spa dAR-UNSa-BCEJYS aAR-UNSa-BCEJYSbspacAR-UNSa-BCEJYS a336.225xMétodo de tributación y administración de impuestos 10aIlicitos penales tributarios a2a. ed. 1aBuenos Aires :bEdiciones Nueva Técnicac1998 a62 p.c28 cm. aModulo I: El Ilícito tributario: 1. Ilícitos tributario - 2. Sanciones tributarias - 3. Principios del derecho penal - 4. Aspectos propios del derecho penal - Modulo II: Breve análisis de los tipos y sanciones previstas en la derogada ley 23771 (Régimen vigente hasta 23/13/97): 1. Consideraciones preliminares - 2. Ley penal tributaria y previsional Nº23771 - Modulo III: Breve análisis de los tipos y sanciones previstas en la nueva ley penal tributaria Nº24769 (Régimen vigente desde el 24/1/97): 1. Normas penales tributarias - 2. La evasión fiscal - 3. Nueva ley penal tributaria y previsional Nº24769 - 4. Régimen penal tributario y previsional ley Nº 24769:Título I: Delitos tributarios;Título II: Delitos relativos a los recursos de la seguridad social;Título III: Delitos fiscales comunes;Título IV: Disposiciones generales;Título V: De los procedimientos administrativo y penal  aspa1 aGómez, Teresa1 aFolco, Carlos Maria